000 00266nam a2200109Ia 4500
008 200302s9999 xx 000 0 und d
100 _aM. R. Jordan & Other
245 _aPractical Houses and Homes
260 _bLongman Group Ltd.
260 _c1977
300 _a160 P.,
999 _c315
_d315